Unit 2 AP Euro - Statistics

General Stats
  • This quiz has been taken 72 times
  • The average score is 6 of 11
Answer Stats
Hint Answer % Correct
Man who nailed his 95 theses to the church door Martin Luther
96%
A way to reduce your punishment from sin, usually by purchasing it Indulgence
79%
Idea that God predetermined who will receive salvation Predestination
60%
Religious reform movement that swept across Europe in the 1500's Protestant Reformation
60%
Branch of Christianity where they believe baptism is only valid when the person confesses their faith in Christ, don't baptize babies. Anabaptist
57%
A roman catholic group of men whose goal was to help others and seek God in all things Jesuits
53%
teaches that the glory and sovereignty of God should come first in all things, limited number of people granted salvation and there's nothing people can do to change it Calvinism
47%
Ended the 30 years war and 80 years war Peace of Westphalia
45%
Christian festival prior to lent, indulge in the things you're gonna give up, large parades, circus, parties, etc. Carnival
25%
Series of civil wars between French Protestants and French Catholics from 1562-1598 French wars of religion
25%
List of books Catholics were prohibited from reading on pain of excommunication Index of prohibited books
9%
No matching quizzes found
Score Distribution
Percent of People with Each Score
Percentile by Number Answered
Your Score History
You have not taken this quiz